Sports Quiz

Random Sports or Soccer Quiz
Score 0/11 Timer 03:00
0 Plays Today
% Correct
Taffarel
93.4%
Romário
91.8%
Dunga
90.2%
Bebeto
83.6%
Mauro Silva
77%
Aldair
73.8%
Jorginho
73.8%
Zinho
72.1%
Mazinho
70.5%
Branco
70.5%
Márcio Santos
63.9%
Remove Ads.
Support Sporcle.
Get the best of Sporcle when you Go Orange. This ad-free experience offers more features, more stats, and more fun while also helping to support Sporcle. Thank you for becoming a member.

You're not logged in!

Compare scores with friends on all Sporcle quizzes.
OR
Log In

Sporcle TV

Today on Sporcle TV


Watch our educational content, quiz creation guides, and fun videos on Sporcle TV.

Show Comments

Extras

Top Quizzes Today


Score Distribution

Paid Content

Your Account Isn't Verified!

In order to create a playlist on Sporcle, you need to verify the email address you used during registration. Go to your Sporcle Settings to finish the process.

Report this User

Report this user for behavior that violates our Community Guidelines.

Details: